Dragon Quest Monster Joker 1: Tous les monstres - Statistiques

Statistiques générales
  • Ce quiz a été pris 157 fois
    154 depuis la dernière actualisation
  • Le résultat moyen est 58 sur 210
Statistiques - réponses
Famille + Rang Monstre % Correct
Gluant F Gluant
96%
Gluant D Gluant de Métal
87%
Gluant E Gluante
82%
Gluant C Roi Gluant
82%
Gluant S Roi Gluant de Métal
68%
Gluant C Gluant de Mercure
65%
Gluant F Gluanbulle
63%
Gluant F Médigluant
62%
Dragon D Dragon Vert
56%
Gluant D Monte-Gluant
56%
Démon F Vampivol
54%
Bête A Géant
51%
Gluant X Gluandor
51%
Dragon A Grand Dragon
50%
Bête S Atlas
47%
Dragon S Dragon Noir
47%
Bête F Pataupe
47%
Dragon D Dragon Rouge
46%
Matière A Golem
46%
Gluant C Guérigluant
44%
Dragon F Komodor
44%
Gluant D Monte-Gluant de Métal
44%
Gluant D Gigluant
43%
Démon D Démon du Dessert
41%
Incarnatus Joker
41%
Incarnatus Atoupik
40%
Incarnatus Atoutrèfle
40%
Gluant B Monte-Vampigluant
40%
Gluant A Roi Gluanbulle
40%
Incarnatus Atrèfle
38%
Gluant D Gigluante
38%
Dragon B Frou-Frou
37%
Dragon F Fry-Fry
37%
Gluant S Gluant de Ténérium
37%
Matière A Mi
37%
Gluant B Roi-Guérigluant
37%
Démon A Shivattak
37%
Gluant B Vampigluant
37%
Incarnatus Apik
35%
Incarnatus Atoukoeur
35%
Démon B Chef Troll
35%
Matière X Estark
35%
Bête F Ornithox
35%
Mort-Vivant F Souche Louche
35%
Incarnatus Akaro
34%
Incarnatus Akoeur
34%
Incarnatus As de Pique
34%
Dragon S Dragon d'Albâtre
34%
Gluant D Gluangélique
34%
Gluant D Gluant de Crin
34%
Matière D Golem d'Or
34%
Mort-Vivant E Main de Boue
34%
Matière F Ombre
34%
Mort-Vivant C Armure Errante
32%
Incarnatus Atoukaro
32%
Démon F Bisebave
32%
Naturel F Chimère
32%
Dragon D Dragos
32%
Gluant S Gluancien
32%
Gluant E Gluancornu
32%
Dragon B Grand Lézard Argon
32%
Dragon F Lézard Argon
32%
Dragon X Lordragon
32%
Matière C Pantin de Boue
32%
Matière X Psaro
32%
Matière X Ruine
32%
Naturel C Smilodon
32%
Dragon D Aquasaure
31%
Démon A Bélial
31%
Gluant C Gluandragon
31%
Gluant A Gluanpereur de Métal
31%
Matière B Gon
31%
Dragon A Mécadragon
31%
Mort-Vivant C Mort-Vivant
31%
Dragon X Seigneur Dragovien
31%
Naturel D Smilodon de Lait
31%
Démon B Archidémon
29%
Bête A Belzébik
29%
Matière F Brûleflamme
29%
Matière A Dis
29%
Mort-Vivant X Dr. Rebelote
29%
Naturel X Empyréa
29%
Démon S Malroth
29%
Matière C Mécachasseur
29%
Bête C Meno Macho
29%
Mort-Vivant X Orgodémir
29%
Mort-Vivant D Squelette
29%
Gluant X Trode
29%
Démon X Zoma
29%
Matière F Brûlegel
28%
Bête A Encorneur
28%
Gluant E Escargluant
28%
Mort-Vivant F Feu Follet
28%
Matière S Machine à Tuer
28%
Démon X Mortamor
28%
Matière A Sal
28%
Matière S Salmigondis
28%
Dragon B Abyssaure
26%
Dragon F Dragronce
26%
Mort-Vivant F Fantôme
26%
Dragon E Saint-Berneur
26%
Naturel S Scarabrute
26%
Matière A Statue Vivante
26%
Dragon C Tyrantosaure
26%
Naturel A Aligatueur
25%
Matière D Canniboîte
25%
Mort-Vivant S Capitaine Crow
25%
Démon E Diablotin
25%
Dragon C Dragon de Métal
25%
Bête F Marteleur
25%
Mort-Vivant D Mouchomme
25%
Naturel F Piperaduo
25%
Matière E Sacatrésor
25%
Démon B Armure Fatale
24%
Naturel C Condor Infernal
24%
Dragon E Épironce
24%
Mort-Vivant A Hurlherbe
24%
Démon A Jamirus
24%
Naturel E Khalamarmot
24%
Matière F Maransac
24%
Bête E Orque
24%
Mort-Vivant A Rosegarde
24%
Bête B Silvapithèque
24%
Mort-Vivant A Âme en Peine
22%
Matière S Boîte à Piège
22%
Bête E Canidémon
22%
Démon F Clindoeil
22%
Démon D Démon Inférieur
22%
Dragon E Dracorne
22%
Naturel A Faucondor
22%
Gluant F Gluanbullot
22%
Bête S Nimzo
22%
Matière E Royalgue
22%
Mort-Vivant B Soldat Squelette
22%
Naturel C Troncbine
22%
Démon F Bigloeil
21%
Naturel S Calmaroi
21%
Bête D Carnigore
21%
Mort-Vivant C Chien de l'Enfer
21%
Bête F Faune
21%
Naturel D Frelon de l'Enfer
21%
Bête C Gargouille
21%
Matière B Imitapeur
21%
Naturel F Scorpion
21%
Matière E Tristecire
21%
Bête B Cocoricoq
19%
Démon D Diable Dansant
19%
Mort-Vivant B Épéiste Fantôme
19%
Démon C Grand Vampivol
19%
Mort-Vivant B Grouillâme
19%
Dragon C Hachausaure
19%
Dragon B Mégalodon
19%
Bête S Mister Taupe
19%
Démon B Prêtre Damné
19%
Bête X Rhapthorne
19%
Matière D Rouage-Gorge
19%
Naturel B Scarablindé
19%
Démon E Sorcimol
19%
Démon S Bastonnier
18%
Mort-Vivant E Bottoeil
18%
Mort-Vivant E Cavale-Démon
18%
Naturel E Chagriffeur
18%
Démon D Chasseur de Tête
18%
Démon C Cyclomage
18%
Bête S Dhoulmagus
18%
Dragon D Dragonflé
18%
Démon E Face de Crapaud
18%
Bête E Mousquetueur
18%
Bête A Pazuzu
18%
Naturel A Rase-Marée
18%
Mort-Vivant S Roi Maudit
18%
Naturel C Scarapince
18%
Mort-Vivant A Baron d'Os
16%
Naturel A Écrevicieux
16%
Bête D Martebrun
16%
Bête C Monstromasque
16%
Mort-Vivant B Cavalier Fantôme
15%
Bête D Empereur Nocturne
15%
Mort-Vivant D Escrimeur Fantôme
15%
Naturel X Léopold
15%
Naturel E Lièvrecorne
15%
Mort-Vivant E Momignon
15%
Bête X Rhapthorne 2
15%
Bête A Sangliogre
15%
Matière F Spitnik
15%
Naturel F Crabarbare
13%
Mort-Vivant S Décapitête
13%
Démon C Griffon
13%
Bête C Sirénien
13%
Bête D Bélicorne
12%
Matière C Dingo-Dong
12%
Démon C Garde Octavien
12%
Naturel B Gorerille
12%
Démon A Gracos
12%
Matière D Rochexplosif
12%
Bête C Archer Vert
10%
Dragon C Dragon Marin
10%
Naturel F Sanglimer
10%
Naturel D Taurapace
10%
Naturel D Malicongre
9%
Naturel B Phalène Géante
9%
Mort-Vivant F Champigoule
7%
Dragon S Drakulard
7%
Dragon B Drakularge
7%
Matière C Marionnettiste
7%
Matière D Mutancre
7%
Bête D Tigriff
7%
Naturel S Kalamare
4%
Démon S Robin des Bois
4%
Mort-Vivant B Corbarbac
3%
Aucun quiz correspondant
Distribution des résultats
% des personnes avec chaque résultat
Percentile par nombre de réponses
Votre historique - résultats
Vous n’avez pas pris ce quiz depuis la dernière actualisation